ბათუმის შოთა რუსთაველის სახელმწიფო უნივერსიტეტის ბიბლიოთეკა

Основные структуры анализа ч.1 (ბიბ.ჩანაწერი № 48102)

000 -LEADER
fixed length control field 00549nam a2200205Ia 4500
001 - CONTROL NUMBER
control field 14983
003 - CONTROL NUMBER IDENTIFIER
control field GE_BSU
008 - FIXED-LENGTH DATA ELEMENTS--GENERAL INFORMATION
fixed length control field 181216s||||||||xx |||||||||||||| ||und||
040 ## - CATALOGING SOURCE
Transcribing agency GE_BSU
080 ## - UNIVERSAL DECIMAL CLASSIFICATION NUMBER
Universal Decimal Classification number 510.22
100 ## - MAIN ENTRY--PERSONAL NAME
Personal name Бурбаки,Н.
245 ## - TITLE STATEMENT
Title Основные структуры анализа ч.1
245 ## - TITLE STATEMENT
Statement of responsibility, etc. Под.ред.В.А. Успенского
260 ## - PUBLICATION, DISTRIBUTION, ETC.
Place of publication, distribution, etc. Москва
260 ## - PUBLICATION, DISTRIBUTION, ETC.
Name of publisher, distributor, etc. Мир
260 ## - PUBLICATION, DISTRIBUTION, ETC.
Date of publication, distribution, etc. 1965
300 ## - PHYSICAL DESCRIPTION
Extent 455стр.22см.
653 ## - INDEX TERM--UNCONTROLLED
Uncontrolled term Основные структуры анализа
942 ## - ADDED ENTRY ELEMENTS (KOHA)
Koha item type წიგნი
ეგზემპლარები
Withdrawn status Lost status Damaged status Not for loan Date acquired Barcode Date last seen Price effective from Koha item type
        2018-12-17 15002 2018-12-17 2018-12-17 წიგნი
        2018-12-17 16517 2018-12-17 2018-12-17 წიგნი
        2018-12-17 17486 2018-12-17 2018-12-17 წიგნი